000 01206nam a22002297a 4500
999 _c18000
_d18000
003 BDDh-ASL
005 20231015025652.0
008 200916b1987 ||||| b||| 001 0 d
040 _aBDDh-ASL
_cBDDh-ASL
_dBDDh-ASL
041 _abengali
082 _a297.09
_bHAI
100 _9802
_aহক, সিরাজুল
245 1 _aইমাম ইবনে তাইমীয়া (রহ.) ও তাঁর সংস্কার পরিকল্পনা/
_cসিরাজুল হক; মুজীবুর রহমান (অনু.)।
246 _aImam Ibn Taimiya (R.) Tar Sangskar Parikalpana
260 _aঢাকা:
_bইসলামিক ফাউণ্ডেশন, বাংলাদেশ,
_c১৯৮৭।
300 _a(১৫), ২৩৭ পৃষ্ঠা:
_c২০ সে. মি.।
504 _aগ্রন্থপঞ্জি ও নির্ঘন্ট সংযুক্ত।
600 _2তাইমিয়া, ইমাম ইবনে
650 0 _9749
_aইসলামী সমাজ ব্যবস্থা
_xইসলাম ধর্ম
700 0 _9835
_aরহমান, মুহাম্মদ মুজীবুর
942 _2ddc
_cBK